Kraje z największą ilością katastrof lotniczych - Statystyki

Ogólne statystyki
  • Ten quiz został rozwiązany 381 razy
  • Średni wynik to 13 z 17
Statystyki odpowiedzi
Liczba Kraj % Poprawnych
821 Usa
97%
520 Rosja
96%
75 Chiny
94%
188 Brazylia
90%
103 Francja
89%
179 Kanada
87%
59 Niemcy
84%
96 Meksyk
82%
105 Wielka Brytania
82%
94 Indie
81%
54 Hiszpania
80%
50 Australia
76%
68 Włochy
76%
98 Indonezja
57%
61 Ukraina
56%
182 Kolumbia
48%
65 Wenezuela
34%
Nie znaleziono quizów pasujących do podanych kryteriów
Rozkład punktacji
Procent ludzi z każdym wynikiem
Percentyl według liczby udzielonych odpowiedzi
Twoja historia wyników
Nie rozwiązałeś tego quizu